000 01530cam a2200361 i 4500
999 _c129123
_d129123
001 18718212
003 ARRUPE
005 20190305111518.0
008 150727s2016 enk b 001 0 eng
010 _a 2015027685
020 _a9781472445513 (hbk : alk. paper)
020 _z9781472445520 (ebk)
020 _z9781472445537 (epub)
040 _aDLC
_beng
_cDLC
_erda
_dDLC
042 _apcc
043 _af------
050 0 0 _aBL65.H64
_bP83 2016
082 0 0 _a201/.76349096
_223
245 0 0 _aPublic religion and the politics of homosexuality in Africa /
_cedited by Adriaan van Klinken and Ezra Chitando.
260 _aLondon
_bRoutledge
_c2016
300 _axi, 277 p. ;
_c24 cm.
490 0 _aReligion in modern Africa
504 _aIncludes bibliographical references and index.
650 0 _aHomosexuality
_xReligious aspects.
_944973
650 0 _aHomosexuality
_xPolitical aspects.
_944974
650 0 _aHomosexuality
_zAfrica.
_944975
651 0 _aAfrica
_xReligion.
_944976
700 1 _aVan Klinken, A. S.,
_eeditor.
_944977
906 _a7
_bcbc
_corignew
_d1
_eecip
_f20
_gy-gencatlg
942 _2lcc
_cMONOGRAPH